000 00293 a2200121 4500
000 nam a22 7a 4500
005 20260210181650.0
100 _aElmasri, Ramez ; Navathe, Shamkant
_91114950
245 _aFundamentals of Database Systems
250 _a7
260 _c2026
942 _cTB
999 _c1679173
_d1679173